=LDR 00000nam 2200000 4500 =001 INLIS000000000034858 =005 20130612140742 =008 ***********************************ind** =035 ##$$a0010-061300000034858 =041 ##$$a ind =082 ##$$a 813 =090 ##$$a 813, Kus t =100 ##$$a Kusumawadhani, Trio Ayu =245 ##$$a Tragedi happy salmah, Trio ayu kusumawardhani;Editor,Nur raili M =260 ##$$a 2009 $b Jakarta =300 ##$$a 162 hlm, Ilus, 21 cm =650 ##$$a Fiksi Indonesia =700 ##$$a Laili, H.Nur =850 ##$$a NBPNMAT =990 ##$$a 92704/BPAP-NTB/2014 =990 ##$$a 92705/BPAP-NTB/2014